Normal view
MARC view
Entry Topical Term
001 - CONTROL NUMBER
- control field: 29260
003 - CONTROL NUMBER IDENTIFIER
- control field: OSt
005 - DATE AND TIME OF LATEST TRANSACTION
- control field: 20260615152124.0
008 - FIXED-LENGTH DATA ELEMENTS
- fixed length control field: 260615|| aca||aabn | a|a d
040 ## - CATALOGING SOURCE
- Original cataloging agency: OSt
- Transcribing agency: OSt
150 ## - HEADING--TOPICAL TERM
- Topical term or geographic name entry element: Teaching-Vocational Guidance-United States
670 ## - SOURCE DATA FOUND
- Source citation: Work cat.: (OSt)24318: Wong, Harry K. 29259, The First Days Of School: How To Be An Effective Teacher , 2009
